Menjadi kaya dengan kedamaian fikiran / (Record no. 597)

000 -LEADER
fixed length control field nam a22 a 4500
003 - CONTROL NUMBER IDENTIFIER
control field AKMAL
005 - DATE AND TIME OF LATEST TRANSACTION
control field 20170504122054.0
008 - FIXED-LENGTH DATA ELEMENTS--GENERAL INFORMATION
fixed length control field 170504s2000 my 00 may d
020 ## - INTERNATIONAL STANDARD BOOK NUMBER
International Standard Book Number 9839315390 (kkt.):
Terms of availability RM23.00
040 ## - CATALOGING SOURCE
Original cataloging agency AKMAL
082 04 - DEWEY DECIMAL CLASSIFICATION NUMBER
Classification number 158.1 HIL
Edition number 21
090 00 - LOCALLY ASSIGNED LC-TYPE CALL NUMBER (OCLC); LOCAL CALL NUMBER (RLIN)
Classification number (OCLC) (R) ; Classification number, CALL (RLIN) (NR) 158.1
Local cutter number (OCLC) ; Book number/undivided call number, CALL (RLIN) HIL
100 1# - MAIN ENTRY--PERSONAL NAME
Personal name Hill, Napoleon,
Dates associated with a name 1883-1970
9 (RLIN) 1
245 10 - TITLE STATEMENT
Title Menjadi kaya dengan kedamaian fikiran /
Statement of responsibility, etc. Napoleon Hill ; penterjemah Megat Ahmad Supian
260 ## - PUBLICATION, DISTRIBUTION, ETC.
Place of publication, distribution, etc. Batu Caves :
Name of publisher, distributor, etc. Albaz Pub. & Distribution,
Date of publication, distribution, etc. 2000
300 00 - PHYSICAL DESCRIPTION
Extent viii, 294ms. ;
Dimensions 23cm
500 ## - GENERAL NOTE
General note Edisi terjemahan bahasa Malaysia
650 #0 - SUBJECT ADDED ENTRY--TOPICAL TERM
Topical term or geographic name entry element Success in business
9 (RLIN) 1084
650 #0 - SUBJECT ADDED ENTRY--TOPICAL TERM
Topical term or geographic name entry element Wealth
9 (RLIN) 1315
650 #0 - SUBJECT ADDED ENTRY--TOPICAL TERM
Topical term or geographic name entry element Achievement motivation
9 (RLIN) 1159
700 0# - ADDED ENTRY--PERSONAL NAME
Personal name Megat Ahmad Supian
9 (RLIN) 3
942 ## - ADDED ENTRY ELEMENTS (KOHA)
Source of classification or shelving scheme
Koha item type Book
Holdings
Withdrawn status Lost status Source of classification or shelving scheme Damaged status Not for loan Collection code Home library Current library Shelving location Date acquired Inventory number Total Checkouts Full call number Barcode Date last seen Price effective from Koha item type
          NON-FICTION AKMAL Melaka AKMAL Melaka PINJAMAN 04.05.2017 100381   158.1 HIL 201701520 04.05.2017 04.05.2017 Book
Pusat Sumber Maklumat Dato' Haji Sarmin Md Hussin, Akademi Kastam Diraja Malaysia, Melaka
Tel: 06-2331106 | Faks: 06-2313787